Civilization VI Districts - Statistics

General Stats
  • This quiz has been taken 43 times
  • The average score is 11 of 20
Answer Stats
Civs: Name: % Correct
All Civs Campus
94%
All Civs Holy Site
81%
All Civs Aqueduct
71%
All Civs Industrial Zone
68%
All Civs Theater Square
68%
All Civs Encampment
65%
All Civs Harbor
65%
Germany Hansa
61%
All Civs Neighborhood
61%
All Civs Commercial Hub
58%
Rome Bath
55%
All Civs Spaceport
52%
Greece Acropolis
48%
Russia Lavra
45%
All Civs City center
42%
England Royal Navy Dockyard
42%
All Civs Entertainment Complex
35%
All Civs Aerodrome
29%
Kongo Mbanza
23%
Brazil Street Carnival
16%
No matching quizzes found
Score Distribution
Percent of People with Each Score
Percentile by Number Answered
Your Score History
You have not taken this quiz